Online
Catalog

Recopilación de leyes de los reynos de las Indias / (Record no. 14998)

MARC details
000 -CABECERA
campo de control de longitud fija 01293cam a2200277 a 4500
001 - NÚMERO DE CONTROL
campo de control 000015441
005 - FECHA Y HORA DE LA ÚLTIMA TRANSACCIÓN
campo de control 20200929164037.0
008 - DATOS DE LONGITUD FIJA--INFORMACIÓN GENERAL
campo de control de longitud fija 760510k19731681sp 000 0 spa
020 ## - NÚMERO INTERNACIONAL ESTÁNDAR DEL LIBRO
Número Internacional Estándar del Libro 8472322041 :
040 ## - FUENTE DE LA CATALOGACIÓN
Centro catalogador/agencia de origen DO-SdBNP
Centro/agencia transcriptor spa
Centro/agencia modificador BNPHU
082 ## - NÚMERO DE LA CLASIFICACIÓN DECIMAL DEWEY
Número de clasificación 348.46022
Número de documento/Ítem E74r
110 1# - ENTRADA PRINCIPAL--NOMBRE DE ENTIDAD CORPORATIVA
Nombre de entidad corporativa o nombre de jurisdicción como elemento de entrada España.
9 (RLIN) 4524
240 10 - TÍTULO UNIFORME
Título uniforme [Leyes, etc.]
245 10 - MENCIÓN DE TÍTULO
Título Recopilación de leyes de los reynos de las Indias /
Mención de responsabilidad, etc. prólogo por Ramón Menéndez y Pidal ; estudio preliminar de Juan Manzano Manzano.
246 14 - FORMA VARIANTE DE TÍTULO
Título propio/Titulo breve Recopilación de leyes de los reynos de las Indias; mandadas imprimir, y pvblicar por la magestad catolica del rey Don Carlos II.nvestro señor. va dividida en Qvatro tomos, con el ídice general, y al principio de cada tomo el índice efpecial de los títulos, que contiene
260 ## - PUBLICACIÓN, DISTRIBUCIÓN, ETC.
Lugar de publicación, distribución, etc. Madrid :
Nombre del editor, distribuidor, etc. Cultura Hispanica,
Fecha de publicación, distribución, etc. 1973.
300 ## - DESCRIPCIÓN FÍSICA
Extensión 4v. ;
Dimensiones 31 cm.
500 ## - NOTA GENERAL
Nota general Incluye notas al pie de las páginas
500 ## - NOTA GENERAL
Nota general La biblioteca posee el v.1
500 ## - NOTA GENERAL
Nota general Reimpresión de la edición de 1681, publicado por Julián de Paredes, Madrid.
650 #4 - PUNTO DE ACCESO ADICIONAL DE MATERIA--TÉRMINO DE MATERIA
Término de materia o nombre geográfico como elemento de entrada Legislación
Subdivisión geográfica España
Subdivisión general Colonias
9 (RLIN) 34859
700 12 - PUNTO DE ACCESO ADICIONAL--NOMBRE DE PERSONA
Nombre de persona Manzano Manzano, Juan.
9 (RLIN) 34860
700 12 - PUNTO DE ACCESO ADICIONAL--NOMBRE DE PERSONA
Nombre de persona Menédez y Pidal, Ramón
Término indicativo de función/relación pról.
9 (RLIN) 34861
710 2# - PUNTO DE ACCESO ADICIONAL--NOMBRE DE ENTIDAD CORPORATIVA
Nombre de entidad corporativa o nombre de jurisdicción como elemento de entrada Consejo de Indias (España)
9 (RLIN) 34862
910 ## - DATOS DE OPCIÓN DEL USUARIO (OCLC)
Datos de opción del usuario Validado. Control de calidad MFF
Holdings
Estado de retiro Estado de pérdida Restricciones de uso No para préstamo Código de colección Localización permanente Ubicación/localización actual Ubicación en estantería Fecha de adquisición Número de inventario Total de préstamos Signatura topográfica completa Código de barras Fecha visto por última vez Precio válido a partir de Tipo de ítem Koha
    Préstamo interno   Monografías: Libros y Folletos General General Depósito 08.02.2010 LF1   v.1 15441-10 25.06.2020 25.06.2020 Préstamo interno
    Préstamo interno   Monografías: Libros y Folletos General General En catalogación 26.09.2011 LF1   v. 3 15441-20 25.06.2020 25.06.2020 Préstamo interno
    Préstamo interno   Monografías: Libros y Folletos General General En catalogación 26.09.2011 LF1   v. 4 15441-30 25.06.2020 25.06.2020 Préstamo interno

Powered by Koha